Discurso leído en el solemne acto de apertura del curso académico de 1882 a 1883 en la Universidad Literaria de Oviedo / (Record no. 41989)

MARC details
000 -LEADER
campo de control de longitud fija 00752nam a2200205 i 4500
001 - NÚMERO DE CONTROL
campo de control 41989
003 - IDENTIFICADOR DE NÚMERO DE CONTROL
campo de control ES-MaACL
005 - FECHA Y HORA DE LA ÚLTIMA TRANSACCIÓN
campo de control 20250813040331.0
007 - CAMPO FIJO DE DESCRIPCIÓN FÍSICA--INFORMACIÓN GENERAL
campo de control de longitud fija t|
008 - DATOS DE LONGITUD FIJA--INFORMACIÓN GENERAL
campo de control de longitud fija 030312s1882 sp ||||1| spa d
100 1# - ENTRADA PRINCIPAL--NOMBRE DE PERSONA
Nombre de persona Casas y Gómez de Andino, Hipólito.
9 (RLIN) 36239
245 10 - MENCIÓN DEL TÍTULO
Título Discurso leído en el solemne acto de apertura del curso académico de 1882 a 1883 en la Universidad Literaria de Oviedo /
Mención de responsabilidad, etc. por doctor Hipólito Casas y Gómez de Andino.
260 ## - PUBLICACIÓN, DISTRIBUCIÓN, ETC.
Lugar de publicación, distribución, etc. Oviedo :
Nombre del editor, distribuidor, etc. [s.n.],
Fecha de publicación, distribución, etc. 1882 (
Fabricante Imp. y lit. de Vicente Brid)
300 ## - DESCRIPCIÓN FÍSICA
Extensión 62 p. ;
Dimensiones 31 cm.
500 ## - NOTA GENERAL
Nota general Port. con esc.
600 04 - PUNTO DE ACCESO ADICIONAL DE MATERIA--NOMBRE DE PERSONA
Nombre de persona Alfonso
Numeración X,
Títulos y otros términos asociados al nombre Rey de Castilla
9 (RLIN) 19872
710 2# - ENTRADA AGREGADA--NOMBRE DE ENTIDAD CORPORATIVA
Nombre de entidad corporativa o nombre de jurisdicción como elemento de entrada Universidad Literaria de Oviedo.
9 (RLIN) 7389
852 ## - LOCALIZACIÓN
Ubicación ES-MaACL
Número de control de estantería T-392-F-2
Holdings
Estatus retirado Estado de pérdida Estado de daño No para préstamo Colección Biblioteca de origen Biblioteca actual Ubicación en estantería Fecha de adquisición Fuente de adquisición Total de préstamos Signatura topográfica completa Código de barras Visto por última vez Precio de reemplazo Tipo de ítem Koha
        Colección de folletos Biblioteca del Ateneo de Madrid Biblioteca del Ateneo de Madrid Depósito folletos 17/01/2008     T-392-F-2 1044200 23/02/2023 23/02/2023 Folleto